Cuentos policiales argentinos. (Registro nro. 2477)
[ vista simple ]
| 000 -LEADER | |
|---|---|
| fixed length control field | 01655nam a2200313 a 4500 |
| 005 - FECHA ULTIMA MODIFICACION | |
| control field | 20240902131857.0 |
| 008 - CAMPO DE CONTROL (LIBRO) | |
| fixed length control field | 170926s2006 ag ||||g |||| 001 0 spa d |
| 020 ## - INTERNATIONAL STANDARD BOOK NUMBER | |
| ISBN | 9500109891 |
| 041 ## - CODIGO DE IDIOMA | |
| Código de idioma del texto/pista de sonido o título separado | spa |
| 092 ## - SIGNATURA TOPOGRAFICA DEWEY LOCAL | |
| número de clasificación | 371.33 |
| libristica | 14 |
| sección | CUE |
| 245 ## - TITULO PROPIAMENTE DICHO | |
| Título | Cuentos policiales argentinos. |
| Subtítulo y Título paralelo | Antología / |
| Mención de responsabilidad y remanente de la transcripción de la portada | Roberto Arlt |
| 250 ## - MENCION DE EDICION | |
| Mención de edición | 1a ed. |
| Mención de responsabilidad relacionada con la ed. | Dir. Palermo Alejandro |
| 260 ## - PIE DE IMPRENTA | |
| Lugar de publicación, distribución, etc | Buenos Aires: |
| Nombre de la editorial, distribuidor, etc | Estrada; |
| Fecha de publicación | 2006. |
| 300 ## - DESCRIPCION FISICA | |
| Extension | 128 p. |
| Dimensiones | 19x14cm |
| 500 ## - NOTA GENERAL | |
| Nota general | Arlt, R. et al. (2006). Cuentos policiales argentinos. Antología. (1a ed.). Buenos Aires : Estrada. |
| 505 ## - NOTA DE CONTENIDO | |
| Nota de contenido formateada | Los orígenes del relato policial suelen ubicarse a mediados del siglo XIX, cuando el escritor estadounidense Edgar Allan Poe crea al detective Auguste Dupin. A partir de entonces, el género policial ha contribuido a renovar la literatura. Al principio, buscó un lector desconfiado, que intenta llegar a una respuesta para resolver un misterio antes de que termine el relato. Más adelante, se dirigió a un público que constantemente se hace preguntas acerca de los límites y las apariencias del mundo en que vive. Esta antología es una invitación para leer a los más destacados autores del cuento policial en la Argentina. |
| 590 ## - NOTAS LOCALES (RLIN) | |
| Nota local | Proyecto 4to libro, donacion Moraga Fernanda, septiembre 2017. |
| 655 ## - MATERIA - GENERO/FORMA | |
| Género/Forma | Cuentos |
| -- | 2945 |
| 700 1# - ENTRADAS SECUNDARIAS - NOMBRE PERSONAL | |
| Nombre personal | Arlt, Roberto |
| 9 (RLIN) | 2946 |
| 700 1# - ENTRADAS SECUNDARIAS - NOMBRE PERSONAL | |
| Nombre personal | Walsh, Rodolfo |
| 9 (RLIN) | 2947 |
| 700 1# - ENTRADAS SECUNDARIAS - NOMBRE PERSONAL | |
| Nombre personal | Piglia, Ricardo |
| 9 (RLIN) | 2948 |
| 700 1# - ENTRADAS SECUNDARIAS - NOMBRE PERSONAL | |
| Nombre personal | De Santis, Pablo |
| 9 (RLIN) | 2949 |
| 700 1# - ENTRADAS SECUNDARIAS - NOMBRE PERSONAL | |
| Nombre personal | Ayala Gauna, Velmiro |
| 9 (RLIN) | 2950 |
| 700 1# - ENTRADAS SECUNDARIAS - NOMBRE PERSONAL | |
| Nombre personal | Bajarlia, Juan-Jacobo |
| 9 (RLIN) | 2951 |
| 700 1# - ENTRADAS SECUNDARIAS - NOMBRE PERSONAL | |
| Nombre personal | Battista, Vicente |
| 9 (RLIN) | 2952 |
| 700 1# - ENTRADAS SECUNDARIAS - NOMBRE PERSONAL | |
| Nombre personal | Goligorsky, Eduardo |
| 9 (RLIN) | 2953 |
| 930 ## - NUMERO DE INVENTARIO | |
| Número de inventario | 3947 |
| 942 ## - ADDED ENTRY ELEMENTS (KOHA) | |
| Source of classification or shelving scheme | Dewey Decimal Classification |
| Item type | Libros |
| Estado de retiro | Existencia | Fuente de clasificación | Estado general | No para prestamo | Colección | Ubicación permanente | ubicación actual | Sala de ubicación | Fecha de adquisición | Fuente de adquisición | Total Checkouts | Total Renewals | Número de clasificación | Código de barras | Date last seen | Date last borrowed | Número de ejemplar | Price effective from | Koha tipo de elemento (item) | Public note |
|---|---|---|---|---|---|---|---|---|---|---|---|---|---|---|---|---|---|---|---|---|
| Dewey Decimal Classification | Non-fiction | Biblioteca Medicina | Biblioteca Medicina | Circulación | 26/09/2017 | Donación Moraga, Fernanda. Septiembre 2017 | 4 | 3 | 371.33 12 CUE | 3947 | 30/04/2025 | 20/12/2024 | Ej.1 | 26/09/2017 | LITERATURA | Proyecto 4to Libro. Donación Moraga, Fernanda. Septiembre 2017 |